Hotel market (Record no. 82761)

MARC details
000 -LEADER
fixed length control field 01106cam a22002055a 4500
001 - CONTROL NUMBER
control field L151311
008 - FIXED-LENGTH DATA ELEMENTS--GENERAL INFORMATION
fixed length control field 101019s2010 xxk 000 0 eng d
035 ## - SYSTEM CONTROL NUMBER
System control number (Sirsi) u151311
041 0# - LANGUAGE CODE
Language code of text/sound track or separate title eng
100 1# - MAIN ENTRY--PERSONAL NAME
Personal name Livingstone, Ben
245 00 - TITLE STATEMENT
Title Hotel market
Remainder of title surviving the storm
260 ## - PUBLICATION, DISTRIBUTION, ETC.
Date of publication, distribution, etc. 2010
490 #0 - SERIES STATEMENT
Series statement Sustainablebuilding inc Propertyforecast
Volume/sequential designation (45) September 2010, 14-15(2)
520 ## - SUMMARY, ETC.
Summary, etc. Hotel performance in London and provincial cities has surprised the investment market. Looks at the cyclical nature of the hotel market, operational performance during the latest recession, and the rise and rise of branded budget hotels. Outlines TRI Hospitality Consulting's (TRI) London and provincial UK's forecasts for 2010 and 2011. Figures cover average annual room occupancy, achieved average room rate and table illustrates TRI's forecasts.
590 ## - LOCAL NOTE (RLIN)
Local note KA
651 #4 - SUBJECT ADDED ENTRY--GEOGRAPHIC NAME
Geographic name United Kingdom
Chronological subdivision
690 ## - LOCAL SUBJECT ADDED ENTRY--TOPICAL TERM (OCLC, RLIN)
Topical term or geographic name as entry element PROPERTY-COMMERCIAL PROPERTY-LEISURE PROPERTY-HOLIDAY AND GUEST PROPERTY-HOTEL PROPERTY-HOTELS
690 ## - LOCAL SUBJECT ADDED ENTRY--TOPICAL TERM (OCLC, RLIN)
Topical term or geographic name as entry element PROPERTY-COMMERCIAL PROPERTY-COMMERCIAL PROPERTY FINANCE AND INVESTMENT
942 ## - ADDED ENTRY ELEMENTS (KOHA)
Suppress in OPAC 0
Holdings
Withdrawn status Lost status Source of classification or shelving scheme Damaged status Not for loan Home library Current library Shelving location Date acquired Total Checkouts Full call number Barcode Date last seen Copy number Price effective from Koha item type
    Dewey Decimal Classification     London London Journal article 19/10/2010   L151311 151311-1001 06/08/2019 1 06/08/2019 Journal article